Представление документа в формате MARC21

Поле Инд. ПП Название Значение
Тип записи a
Библиографический уровень m
001 Контрольный номер RU/IS/BASE/101919012
005 Дата корректировки 20250821144212.5
020 00 a ISBN 5-7567-0195-8
084 a Индекс другой классификации/Индекс ББК 60.561.2я7-2; 60.561.2вя7-2; 60.52я7-2; 65.272я7-2; 65.011.22я7-2; 65.011.12я7-2; 65.012.12я7-2
090 00 a Полочн. индекс 60.561.2я7-2
x Авторский знак Р 15
097 00 a 240
100 10 a Автор Радаев В. В.
q Полное имя Радаев Вадим Валерьевич
245 00 a Заглавие Экономическая социология
b Продолж. заглавия курс лекций
c Ответственность ведущий редактор Л. Н. Шипова; редактор А. Г. Гридчина
260 00 a Место издания Москва
b Издательство Аспект Пресс
c Дата издания 2000
300 00 a Объем 368 с.
e Сопроводительные материалы табл.,схемы
336 a Термин вида содержания Текст
337 a Термин типа средства непосредственный
504 00 a Библиография Выбороч. библиогр.: с. 343-350. - Примеч. - Прил.: с. 351-352
505 0_ a Форматированное содержание Программа учебного курса "Экономическая социология"
521 00 a Примеч. о целев. назн. студенты; аспиранты; преподаватели; научные специалисты
600 14 a Персоналии Вебер Макс
a Персоналии Веблен Торстейн
a Персоналии Дюркгейм Эмиль
a Персоналии Зиммель Георг
a Персоналии Зомбарт Вернер
a Персоналии Мальтус Томас Роберт
a Персоналии Маркс Карл
a Персоналии Милль Джон Стюарт
a Персоналии Парето Вильфредо
a Персоналии Парсонс Толкотт
a Персоналии Рикардо Давид
a Персоналии Смит Адам
a Персоналии Сэй Жан Батист
a Персоналии Шумпетер Йозеф
a Персоналии Этциони Вернер Амитаи
650 04 a Основная рубрика социология
a Основная рубрика экономическая социология
653 00 a Ключевые слова безработица
a Ключевые слова веберианство
a Ключевые слова власть
a Ключевые слова внутрифирменные отношения
a Ключевые слова демократизм
a Ключевые слова деньги
a Ключевые слова домашние хозяйства (домохозяйства)
a Ключевые слова доходы
a Ключевые слова занятость
a Ключевые слова идеологические гибриды
a Ключевые слова индустриальная социология
a Ключевые слова история экономической социологии
a Ключевые слова консерватизм
a Ключевые слова либерализм
a Ключевые слова марксизм
a Ключевые слова менеджмент
a Ключевые слова методы исследования
a Ключевые слова модели развития экономики
a Ключевые слова наем
a Ключевые слова наемные работники
a Ключевые слова немецкая историческая школа социологии
a Ключевые слова неоклассическая социология
a Ключевые слова новая институциональная экономика
a Ключевые слова обмен
a Ключевые слова общество
a Ключевые слова организационные формы
a Ключевые слова постсоветское общество
a Ключевые слова потребление
a Ключевые слова предложение труда
a Ключевые слова предпринимательство
a Ключевые слова производственные конфликты
a Ключевые слова производство
a Ключевые слова распределение
a Ключевые слова рынок труда
a Ключевые слова сегментация рынка
a Ключевые слова семейная экономика
a Ключевые слова собственность
a Ключевые слова советское общество
a Ключевые слова социализация
a Ключевые слова социализм
a Ключевые слова социальная стратификация
a Ключевые слова социальная структура
a Ключевые слова социальная теория
a Ключевые слова социально-экономическая дифференциация
a Ключевые слова социальное моделирование
a Ключевые слова социальное неравенство
a Ключевые слова социальные классы
a Ключевые слова социальный статус
a Ключевые слова справедливость
a Ключевые слова спрос на труд
a Ключевые слова сравнительно-историческое исследование
a Ключевые слова стиль жизни
a Ключевые слова теории постиндустриального общества
a Ключевые слова теории рационального выбора
a Ключевые слова теория конвергенции
a Ключевые слова теория модернизации
a Ключевые слова теория организации
a Ключевые слова теория рационального социального действия
a Ключевые слова теория управления
a Ключевые слова теория фирмы
a Ключевые слова труд
a Ключевые слова трудовые отношения
a Ключевые слова управление
a Ключевые слова функционализм
a Ключевые слова хозяйственная деятельность
a Ключевые слова хозяйственная мотивация
a Ключевые слова хозяйственные организации
a Ключевые слова человек
a Ключевые слова экономика
a Ключевые слова экономико-социологические модели
a Ключевые слова экономическая власть
a Ключевые слова экономическая идеология
a Ключевые слова экономическая история
a Ключевые слова экономическая культура
a Ключевые слова экономическая теория
a Ключевые слова экономические реформы
a Ключевые слова экономический империализм
a Ключевые слова экономическое действие
a Ключевые слова экономическое моделирование
655 00 a Жанр/ форма (устаревшее) учебное пособие
700 10 a Автор Шипова Л. Н.
e Роль лиц редактор
700 10 a Автор Гридчина А. Г.
e Роль лиц редактор
787 18 w Контрольный номер связываемой записи RU/IS/BASE/264552323
901 t Тип документа m
952 a Тип литературы для КСУ ВШ УИ